[Event "27. Open Internacional de Andorra"]
[Site "Andorra"]
[Date "2009.07.24"]
[Round "7.9"]
[White "Rubio Mejia, Luis"]
[Black "Vila Gazquez, Javier"]
[Result "1/2-1/2"]
[WhiteElo "2371"]
[BlackElo "2457"]
[PlyCount "95"]
[EventDate "2009.07.18"]
[EventType "swiss"]
[EventRounds "9"]
[EventCountry "AND"]
[Source "lmi"]
[SourceDate "2009.07.18"]

1. d4 d5 2. c4 dxc4 3. Nf3 Nf6 4. e3 g6 5. Bxc4 Bg7 6. O-O O-O 7. b4 Nbd7 8. h3
Ne4 9. Bb2 Nd6 10. Be2 c6 11. a4 a5 12. b5 c5 13. Nbd2 cxd4 14. Nxd4 Nb6 15.
Qb3 Re8 16. Rfd1 e5 17. N4f3 e4 18. Nh2 Qg5 19. Kh1 Be6 20. Qa3 Red8 21. Bxg7
Kxg7 22. Ng4 Bxg4 23. Bxg4 Qe5 24. Nb3 Nbc4 25. Qa2 Nb2 26. Rd4 Nd3 27. Kg1 b6
28. Rd1 Nf5 29. Bxf5 Qxf5 30. Qd2 Qe6 31. Nc1 Rxd4 32. exd4 Nxc1 33. Rxc1 Rd8
34. Rc6 Qd5 35. Rxb6 Qxd4 36. Qxd4+ Rxd4 37. Ra6 Rxa4 38. b6 Rb4 39. Rxa5 Rxb6
40. g3 Rc6 41. h4 Rc2 42. h5 Kh6 43. hxg6 Kxg6 44. Re5 f5 45. Kg2 Kh5 46. Re6
Re2 47. Re5 Kg4 48. Re6 1/2-1/2

[Event "27. Open Internacional de Andorra"]
[Site "Andorra"]
[Date "2009.07.24"]
[Round "7.10"]
[White "Vega Gutierrez, Sabrina Neide"]
[Black "Shytaj, Luca"]
[Result "0-1"]
[WhiteElo "2352"]
[BlackElo "2455"]
[PlyCount "67"]
[EventDate "2009.07.18"]
[EventType "swiss"]
[EventRounds "9"]
[EventCountry "AND"]
[Source "lmi"]
[SourceDate "2009.07.18"]

1. e4 c5 2. Nf3 d6 3. d4 cxd4 4. Nxd4 Nf6 5. Nc3 a6 6. Bc4 e6 7. Bb3 b5 8. O-O
Be7 9. Qf3 Qc7 10. Qg3 Nc6 11. Nxc6 Qxc6 12. Re1 Bb7 13. Bg5 O-O 14. Rad1 Nh5
15. Qh4 Bxg5 16. Qxg5 Nf6 17. Rd3 h6 18. Qf4 Rfd8 19. f3 a5 20. a4 Ba6 21. axb5
Bxb5 22. Nxb5 Qxb5 23. e5 dxe5 24. Rxd8+ Rxd8 25. Qxe5 Qb6+ 26. Qe3 Qb4 27. Ra1
h5 28. Qe1 Rd2 29. Qe3 Qd6 30. Rc1 h4 31. Bc4 h3 32. Bf1 Nh5 33. b3 hxg2 34.
Bd3 0-1

[Event "27. Open Internacional de Andorra"]
[Site "Andorra"]
[Date "2009.07.24"]
[Round "7.11"]
[White "Vernay, Clovis"]
[Black "Berthelot, Yannick"]
[Result "1-0"]
[WhiteElo "2463"]
[BlackElo "2295"]
[PlyCount "81"]
[EventDate "2009.07.18"]
[EventType "swiss"]
[EventRounds "9"]
[EventCountry "AND"]
[Source "lmi"]
[SourceDate "2009.07.18"]

1. d4 Nf6 2. c4 g6 3. f3 d5 4. cxd5 Nxd5 5. e4 Nb6 6. Nc3 Bg7 7. Be3 Nc6 8. d5
Ne5 9. f4 Ng4 10. Bb5+ c6 11. dxc6 O-O 12. Qxd8 Rxd8 13. c7 Rf8 14. Bxb6 Bxc3+
15. bxc3 axb6 16. Ne2 Nf6 17. Bd3 Bd7 18. c4 Rfc8 19. Nc3 Bc6 20. e5 Nh5 21.
O-O Ra3 22. Rac1 Rxc7 23. Bb1 Rd7 24. Nd5 e6 25. Nb4 Rd2 26. Rc2 Rxc2 27. Bxc2
Re3 28. Nxc6 bxc6 29. g3 Rc3 30. Bb3 Rd3 31. Rd1 Rxd1+ 32. Bxd1 Ng7 33. c5 bxc5
34. a4 Ne8 35. Bf3 Nc7 36. Bxc6 f6 37. a5 Kf7 38. Kf2 g5 39. fxg5 fxg5 40. Ke3
Ke7 41. Kd3 1-0

[Event "27. Open Internacional de Andorra"]
[Site "Andorra"]
[Date "2009.07.24"]
[Round "7.12"]
[White "Spraggett, Kevin"]
[Black "Raznikov, Danny"]
[Result "1-0"]
[WhiteElo "2606"]
[BlackElo "2270"]
[PlyCount "87"]
[EventDate "2009.07.18"]
[EventType "swiss"]
[EventRounds "9"]
[EventCountry "AND"]
[Source "lmi"]
[SourceDate "2009.07.18"]

1. c4 c5 2. Nc3 Nc6 3. g3 g6 4. Bg2 Bg7 5. Nf3 Nf6 6. d4 cxd4 7. Nxd4 O-O 8.
O-O Qa5 9. Nc2 d6 10. Bd2 Qh5 11. e4 Qxd1 12. Raxd1 Be6 13. b3 Rfc8 14. f4 Rab8
15. h3 Ne8 16. Ne3 a6 17. Ncd5 b5 18. Rc1 Kf8 19. Rfd1 Bd7 20. Kf2 e6 21. Nc3
Ke7 22. Ne2 Nd4 23. Ng1 Nc6 24. Bf1 Nc7 25. Nf3 Bb2 26. Rb1 Bg7 27. Be1 Bh8 28.
g4 Bg7 29. Ke2 b4 30. Bh4+ f6 31. e5 Ne8 32. Rd3 Rd8 33. Rbd1 Bc8 34. Bg2 Bb7
35. exf6+ Bxf6 36. Bg3 Rbc8 37. h4 h5 38. gxh5 gxh5 39. Ng5 Na5 40. Bh3 Ng7 41.
Bxe6 Rc5 42. Nd5+ Bxd5 43. Bxd5 Nc6 44. Bf2 1-0

[Event "27. Open Internacional de Andorra"]
[Site "Andorra"]
[Date "2009.07.24"]
[Round "7.14"]
[White "Dvirnyy, Daniyl"]
[Black "Monell Camarasa, David"]
[Result "1/2-1/2"]
[WhiteElo "2440"]
[BlackElo "2230"]
[PlyCount "106"]
[EventDate "2009.07.18"]
[EventType "swiss"]
[EventRounds "9"]
[EventCountry "AND"]
[Source "lmi"]
[SourceDate "2009.07.18"]

1. e4 c6 2. d4 d5 3. Nc3 dxe4 4. Nxe4 Bf5 5. Ng3 Bg6 6. h4 h6 7. Nf3 Nd7 8. h5
Bh7 9. Bd3 Bxd3 10. Qxd3 e6 11. Bf4 Qa5+ 12. Bd2 Qc7 13. O-O-O O-O-O 14. Ne4
Ngf6 15. g3 Nxe4 16. Qxe4 Nf6 17. Qe2 Rd5 18. c4 Rxh5 19. Rxh5 Nxh5 20. Qe5
Qxe5 21. Nxe5 Be7 22. Rh1 Nf6 23. Nxf7 Rf8 24. Ne5 Bd6 25. Nd3 Ng4 26. Be1 g6
27. Kd2 h5 28. Ke2 Nh6 29. Rh4 Kd7 30. Re4 b6 31. Bd2 Nf5 32. g4 hxg4 33. Rxg4
Rh8 34. Be3 Rh4 35. Rxg6 Nxd4+ 36. Bxd4 Rxd4 37. Rg7+ Kc8 38. b3 a5 39. Ke3 Rh4
40. a4 Rh1 41. Kd2 Rh3 42. Rf7 Kd8 43. Kc2 e5 44. c5 bxc5 45. Nb2 e4 46. Nc4
Bc7 47. Nd2 e3 48. fxe3 Rxe3 49. Nc4 Rh3 50. Rf5 Kd7 51. Rxc5 Rh2+ 52. Kd3 Rh3+
53. Kc2 Rh2+ 1/2-1/2

[Event "27. Open Internacional de Andorra"]
[Site "Andorra"]
[Date "2009.07.24"]
[Round "7.16"]
[White "Trepat Herranz, Joan"]
[Black "Berkovich, Mark A"]
[Result "1/2-1/2"]
[WhiteElo "2269"]
[BlackElo "2419"]
[PlyCount "62"]
[EventDate "2009.07.18"]
[EventType "swiss"]
[EventRounds "9"]
[EventCountry "AND"]
[Source "lmi"]
[SourceDate "2009.07.18"]

1. d4 Nf6 2. c4 e6 3. Nf3 d5 4. Nc3 Bb4 5. cxd5 exd5 6. Bg5 h6 7. Bh4 g5 8. Bg3
Ne4 9. Qb3 Nc6 10. e3 h5 11. Ne5 Bxc3+ 12. bxc3 h4 13. Nxc6 bxc6 14. Be5 O-O
15. f3 Nd6 16. Bxd6 Qxd6 17. Bd3 Re8 18. Kf2 Bd7 19. Rab1 c5 20. Qc2 Rab8 21.
Bf5 Be6 22. g3 h3 23. Rxb8 Rxb8 24. Rb1 Rxb1 25. Qxb1 Kg7 26. Bxe6 fxe6 27. Qb8
cxd4 28. cxd4 Qb6 29. Qxb6 cxb6 30. g4 b5 31. f4 a5 1/2-1/2

[Event "27. Open Internacional de Andorra"]
[Site "Andorra"]
[Date "2009.07.24"]
[Round "7.17"]
[White "Karavade, Eesha"]
[Black "Quidiello Prado, Manuel Rogelio"]
[Result "1/2-1/2"]
[WhiteElo "2386"]
[BlackElo "2209"]
[PlyCount "137"]
[EventDate "2009.07.18"]
[EventType "swiss"]
[EventRounds "9"]
[EventCountry "AND"]
[Source "lmi"]
[SourceDate "2009.07.18"]

1. d4 f5 2. g3 Nf6 3. Bg2 g6 4. Nf3 Bg7 5. O-O d6 6. b3 O-O 7. Bb2 Ne4 8. Nbd2
Nxd2 9. Qxd2 Nc6 10. Rad1 Qe8 11. c4 e5 12. d5 Nd8 13. Ng5 Kh8 14. f4 h6 15.
Nf3 e4 16. Bxg7+ Kxg7 17. Nd4 Qe7 18. Qc3 Kh7 19. Rc1 b6 20. b4 a5 21. a3 Nb7
22. Nb3 Rd8 23. Rfd1 Bd7 24. e3 Ba4 25. Re1 Bxb3 26. Qxb3 Qf6 27. g4 axb4 28.
axb4 Ra7 29. gxf5 gxf5 30. Bh3 Rda8 31. Qc3 Qf7 32. Kh1 Ra3 33. Qd4 Rg8 34. Rg1
Raa8 35. Rxg8 Rxg8 36. Qd1 Ra8 37. Qe2 Rg8 38. Ra1 Qg6 39. Bg2 Rg7 40. Ra8 Rd7
41. Bf1 Nd8 42. Bh3 Rg7 43. Bg2 Nf7 44. Rc8 Nh8 45. Ra8 Qf6 46. Qh5 Qg6 47. Qe2
Qf6 48. Qh5 Ng6 49. Bh3 Qh4 50. Qxh4 Nxh4 51. Rf8 Kg6 52. Kg1 Rf7 53. Rxf7 Kxf7
54. Kf2 Kf6 55. Bg2 Ng6 56. Bf1 Ne7 57. b5 Kg6 58. Be2 Ng8 59. Kg3 Nf6 60. Kh4
Kg7 61. Kg3 Nd7 62. Kf2 Kg6 63. Kg3 Nc5 64. Kf2 Nb3 65. Kg3 Nc1 66. Kf2 Nb3 67.
Kg3 Nc5 68. Kf2 Na4 69. Kg3 1/2-1/2

[Event "27. Open Internacional de Andorra"]
[Site "Andorra"]
[Date "2009.07.24"]
[Round "7.18"]
[White "Khosla, Shiven"]
[Black "Bok, Benjamin"]
[Result "1/2-1/2"]
[WhiteElo "2235"]
[BlackElo "2360"]
[PlyCount "129"]
[EventDate "2009.07.18"]
[EventType "swiss"]
[EventRounds "9"]
[EventCountry "AND"]
[Source "lmi"]
[SourceDate "2009.07.18"]

1. e4 e5 2. Nf3 Nc6 3. Bb5 a6 4. Ba4 Nf6 5. O-O Be7 6. Re1 b5 7. Bb3 d6 8. c3
O-O 9. d3 Na5 10. Bc2 c5 11. Nbd2 Nc6 12. Bb3 Na5 13. Bc2 Be6 14. Nf1 Nc6 15.
Bb3 c4 16. dxc4 bxc4 17. Ba4 Na5 18. Bg5 Rb8 19. Bxf6 Bxf6 20. Re2 Nb7 21. b4
cxb3 22. Bxb3 Bg4 23. N1d2 Bg5 24. h3 Bh5 25. g4 Bg6 26. Nxg5 Qxg5 27. Bd5 Nc5
28. Nc4 Rbd8 29. Qd2 Qf6 30. Rd1 h5 31. g5 Qe7 32. Qe3 Ne6 33. Bxe6 Qxe6 34.
Rd5 f5 35. gxf6 Rxf6 36. Nxe5 Rdf8 37. Nxg6 Rxg6+ 38. Kh2 Rgf6 39. Rxh5 Qf7 40.
Rf5 Rxf5 41. exf5 Qxf5 42. Rd2 Rf6 43. a3 Rg6 44. Rd4 Rf6 45. Rd2 Rg6 46. c4
Qb1 47. f3 Qc1 48. c5 Qxc5 49. Qxc5 dxc5 50. Rd8+ Kf7 51. Rc8 Rg5 52. Rc6 a5
53. h4 Rd5 54. Kg3 a4 55. Kf4 Rd3 56. Rxc5 Rxa3 57. Rc7+ Kg6 58. Rd7 Ra1 59.
Kg4 a3 60. Rd6+ Kf7 61. Kg3 Kg8 62. Rd8+ Kh7 63. Ra8 Ra2 64. Kh3 Ra1 65. Kg3
1/2-1/2

[Event "27. Open Internacional de Andorra"]
[Site "Andorra"]
[Date "2009.07.24"]
[Round "7.19"]
[White "Deshpande, Aniruddha"]
[Black "Demuth, Adrien"]
[Result "0-1"]
[WhiteElo "2211"]
[BlackElo "2339"]
[PlyCount "80"]
[EventDate "2009.07.18"]
[EventType "swiss"]
[EventRounds "9"]
[EventCountry "AND"]
[Source "lmi"]
[SourceDate "2009.07.18"]

1. e4 c5 2. Nf3 Nc6 3. d4 cxd4 4. Nxd4 Nf6 5. Nc3 d6 6. Be2 e5 7. Nb3 Be7 8.
O-O O-O 9. f4 a5 10. a4 Nb4 11. Be3 Qc7 12. Rc1 Be6 13. Bf3 exf4 14. Bxf4 Nxc2
15. Nd4 Nxd4 16. Qxd4 Qc4 17. Rfd1 Qxd4+ 18. Rxd4 Rfd8 19. Kf1 Rac8 20. Rcd1
Ne8 21. Nd5 Kf8 22. Bd2 Ra8 23. Nxe7 Kxe7 24. b4 axb4 25. Bxb4 f6 26. a5 Bd7
27. Kf2 Bc6 28. h4 Kf7 29. g4 Rd7 30. Be2 Re7 31. Bc4+ Kf8 32. Kf3 g6 33. Kf4
Kg7 34. g5 h6 35. gxf6+ Nxf6 36. Bxd6 g5+ 37. hxg5 hxg5+ 38. Kxg5 Nxe4+ 39.
Rxe4 Rxe4 40. a6 Rxc4 0-1

[Event "27. Open Internacional de Andorra"]
[Site "Andorra"]
[Date "2009.07.24"]
[Round "7.20"]
[White "Meera, Sai"]
[Black "Midoux, Sebastien"]
[Result "1/2-1/2"]
[WhiteElo "2148"]
[BlackElo "2331"]
[PlyCount "108"]
[EventDate "2009.07.18"]
[EventType "swiss"]
[EventRounds "9"]
[EventCountry "AND"]
[Source "lmi"]
[SourceDate "2009.07.18"]

1. e4 e6 2. d4 d5 3. Nc3 Nf6 4. Bg5 dxe4 5. Nxe4 Be7 6. Bxf6 Bxf6 7. Nf3 Nd7 8.
Bd3 c5 9. Qd2 cxd4 10. Qb4 Be7 11. Qxd4 Qa5+ 12. c3 O-O 13. O-O Qb6 14. Qxb6
Nxb6 15. Ne5 Rd8 16. Be2 f6 17. Nc4 Nd5 18. Na5 Rd7 19. Bb5 Rc7 20. c4 Nf4 21.
Rfd1 a6 22. Ba4 b6 23. Nc6 Bf8 24. g3 Bb7 25. Nd8 Nh3+ 26. Kg2 Bxe4+ 27. Kxh3
Rcc8 28. f3 Bxf3 29. Rf1 Be2 30. Rfe1 Bxc4 31. Nxe6 Bb4 32. Re4 b5 33. Bb3 Bxb3
34. axb3 Bd6 35. Rd1 Rc6 36. Nd4 Rc7 37. Ne6 Rc6 38. Nd4 Rb6 39. Nf5 Bf8 40.
Rd7 g6 41. Ne7+ Kh8 42. Rh4 Bxe7 43. Rxe7 h5 44. Rd4 g5 45. Rdd7 a5 46. Rh7+
Kg8 47. Rxh5 a4 48. b4 Rc8 49. Rhh7 Rc4 50. Rhg7+ Kf8 51. Rgf7+ Kg8 52. Rg7+
Kf8 53. Rgf7+ Kg8 54. Rg7+ Kf8 1/2-1/2

[Event "27. Open Internacional de Andorra"]
[Site "Andorra"]
[Date "2009.07.25"]
[Round "8.1"]
[White "Edouard, Romain"]
[Black "Balogh, Csaba"]
[Result "1-0"]
[WhiteElo "2597"]
[BlackElo "2595"]
[PlyCount "130"]
[EventDate "2009.07.18"]
[EventType "swiss"]
[EventRounds "9"]
[EventCountry "AND"]
[Source "lmi"]
[SourceDate "2009.07.18"]

1. d4 d5 2. c4 c6 3. Nf3 Nf6 4. Nc3 dxc4 5. a4 Bf5 6. e3 e6 7. Bxc4 Bb4 8. O-O
O-O 9. Nh4 Qe7 10. f3 Rd8 11. Qb3 c5 12. d5 Ne8 13. Nxf5 exf5 14. e4 Nd6 15.
Bf4 Nd7 16. Bxd6 Qxd6 17. exf5 Qf4 18. Ne4 Qxf5 19. d6 Nb6 20. Rfd1 Nxc4 21.
Qxc4 Rd7 22. Rd5 Qf4 23. Rad1 Rad8 24. Qd3 Qh4 25. Re5 a6 26. Qd5 Qf4 27. Re7
h6 28. h3 Kh7 29. Rxd7 Rxd7 30. b3 g6 31. Kh1 Kg7 32. Nxc5 Bxc5 33. Qxc5 h5 34.
a5 Qf6 35. b4 Qe6 36. h4 Qf6 37. Rd4 Rd8 38. Kh2 Rd7 39. Qd5 Kh7 40. Kh3 Kg8
41. Kg3 Kg7 42. Rd3 Kh7 43. Qc5 Qa1 44. Re3 Kg7 45. Re4 Qf6 46. Rd4 Qe6 47. Qd5
Qf6 48. f4 Kh7 49. Qe5 Qd8 50. f5 Qc8 51. fxg6+ fxg6 52. Qe6 Qc3+ 53. Kh2 Qxd4
54. Qxd7+ Kh6 55. Qe7 Qf4+ 56. Kg1 Qc1+ 57. Kf2 Qf4+ 58. Ke2 Qc4+ 59. Kf3 Qg4+
60. Ke3 Qg3+ 61. Kd4 Qf4+ 62. Kd5 Qf5+ 63. Qe5 Qf7+ 64. Kd4 Qg8 65. d7 Qd5+ 1-0

[Event "27. Open Internacional de Andorra"]
[Site "Andorra"]
[Date "2009.07.25"]
[Round "8.3"]
[White "Marin, Mihail"]
[Black "Shytaj, Luca"]
[Result "1-0"]
[WhiteElo "2583"]
[BlackElo "2455"]
[PlyCount "79"]
[EventDate "2009.07.18"]
[EventType "swiss"]
[EventRounds "9"]
[EventCountry "AND"]
[Source "lmi"]
[SourceDate "2009.07.18"]

1. c4 e5 2. g3 Nf6 3. Bg2 Nc6 4. Nc3 g6 5. e4 Nd4 6. Nge2 Nxe2 7. Qxe2 Bg7 8.
d3 d6 9. O-O Nh5 10. Be3 O-O 11. Rad1 c6 12. d4 Qe7 13. Rd2 f5 14. exf5 Bxf5
15. d5 Bd7 16. c5 dxc5 17. dxc6 Bxc6 18. Bxc6 bxc6 19. Ne4 Rfd8 20. Rfd1 Rxd2
21. Rxd2 Qf7 22. b3 Nf6 23. Nxf6+ Bxf6 24. Bxc5 Re8 25. Qe4 Re6 26. Qc4 Bg5 27.
Re2 a5 28. Bb6 h5 29. Bxa5 h4 30. Bc3 Bf6 31. Kg2 Kg7 32. Qe4 Qd7 33. gxh4 Kf7
34. f4 Bxh4 35. fxe5 Qe7 36. Qg4 c5 37. Re3 Ke8 38. Rh3 g5 39. Rf3 Ra6 40. Qc8+
1-0

[Event "27. Open Internacional de Andorra"]
[Site "Andorra"]
[Date "2009.07.25"]
[Round "8.5"]
[White "Delorme, Axel"]
[Black "Spraggett, Kevin"]
[Result "1/2-1/2"]
[WhiteElo "2434"]
[BlackElo "2606"]
[PlyCount "171"]
[EventDate "2009.07.18"]
[EventType "swiss"]
[EventRounds "9"]
[EventCountry "AND"]
[Source "lmi"]
[SourceDate "2009.07.18"]

1. e4 Nf6 2. e5 Nd5 3. c4 Nb6 4. c5 Nd5 5. Nc3 e6 6. d4 d6 7. cxd6 cxd6 8. Nxd5
exd5 9. Nf3 Nc6 10. Bd3 Be7 11. Bf4 dxe5 12. Nxe5 Qb6 13. O-O Be6 14. Nxc6 bxc6
15. Qc2 Bf6 16. Be5 Bxe5 17. dxe5 g6 18. h4 Rc8 19. Rad1 Rc7 20. h5 Kd7 21. Kh1
Rb8 22. b3 Kc8 23. Qd2 Qb4 24. Qg5 Kb7 25. h6 a5 26. f4 Qc3 27. Qg3 Ka7 28.
Qe3+ c5 29. Rc1 Qb4 30. f5 gxf5 31. Bxf5 Kb6 32. Rf4 d4 33. Qf2 Re8 34. Be4 Rg8
35. Rf6 Rg5 36. Qf4 Rh5+ 37. Kg1 d3 38. Bxd3 Qxf4 39. Rxf4 Rxh6 40. Rf6 Rh5 41.
Re1 Rc6 42. Rf4 Rc7 43. Rf6 Kb7 44. Bc4 Bxc4 45. bxc4 Rh4 46. Rb1+ Kc8 47. Rc1
Re4 48. Ra6 Rxe5 49. Rc2 Rd7 50. Rxa5 Rd1+ 51. Kh2 f5 52. Ra8+ Kd7 53. Kg3 Rf1
54. Rh8 Ke6 55. Rxh7 Re3+ 56. Kh2 Ree1 57. Kg3 f4+ 58. Kg4 Re3 59. Rh3 Ke5 60.
Rf3 Rexf3 61. gxf3 Rg1+ 62. Kh4 Kf5 63. Kh3 Rg3+ 64. Kh2 Rxf3 65. Kg2 Ra3 66.
Rd2 Kg4 67. Kf2 Rh3 68. Rd5 Rh2+ 69. Kg1 Rxa2 70. Rxc5 Kf3 71. Rb5 Ra1+ 72. Kh2
Ra2+ 73. Kg1 Ra3 74. Rb8 Rc3 75. c5 Rc1+ 76. Kh2 Kf2 77. Rb2+ Ke3 78. Rb3+ Ke4
79. Kg2 Rc2+ 80. Kg1 Kf5 81. c6 Kg4 82. c7 Rxc7 83. Kf2 Rc2+ 84. Kf1 f3 85. Rb8
Kg3 86. Rg8+ 1/2-1/2

[Event "27. Open Internacional de Andorra"]
[Site "Andorra"]
[Date "2009.07.25"]
[Round "8.7"]
[White "Brunello, Sabino"]
[Black "Vehi Bach, Victor Manuel"]
[Result "0-1"]
[WhiteElo "2547"]
[BlackElo "2387"]
[PlyCount "52"]
[EventDate "2009.07.18"]
[EventType "swiss"]
[EventRounds "9"]
[EventCountry "AND"]
[Source "lmi"]
[SourceDate "2009.07.18"]

1. d4 Nf6 2. c4 e6 3. g3 d5 4. Nf3 a6 5. Bg2 dxc4 6. O-O Nc6 7. Nc3 Nd5 8. e4
Nxc3 9. bxc3 Be7 10. h4 O-O 11. e5 Bd7 12. Ng5 h6 13. Be4 hxg5 14. Qh5 g6 15.
Bxg6 fxg6 16. Qxg6+ Kh8 17. hxg5 Qe8 18. Qh6+ Kg8 19. g6 Rf7 20. gxf7+ Qxf7 21.
f4 Qf5 22. Bd2 Kf7 23. Kg2 Na7 24. Rae1 Bc6+ 25. Kf2 Rg8 26. Re3 Rg7 0-1

[Event "27. Open Internacional de Andorra"]
[Site "Andorra"]
[Date "2009.07.25"]
[Round "8.8"]
[White "De La Riva Aguado, Oscar"]
[Black "Rubio Mejia, Luis"]
[Result "1-0"]
[WhiteElo "2532"]
[BlackElo "2371"]
[PlyCount "117"]
[EventDate "2009.07.18"]
[EventType "swiss"]
[EventRounds "9"]
[EventCountry "AND"]
[Source "lmi"]
[SourceDate "2009.07.18"]

1. e4 c5 2. Nf3 d6 3. d4 cxd4 4. Nxd4 Nf6 5. Nc3 a6 6. Be3 e5 7. Nf3 Be7 8. Bc4
O-O 9. O-O Nc6 10. Bb3 Be6 11. Qe2 Na5 12. Rfd1 Nxb3 13. axb3 Nd7 14. Nd5 Bxd5
15. Rxd5 h6 16. Rda5 Nf6 17. Nd2 Rc8 18. Qd3 Qc7 19. c4 Rfd8 20. g3 Nd7 21. h4
Nf6 22. Nb1 Rd7 23. Nc3 Bd8 24. Nd5 Nxd5 25. Rxd5 Be7 26. Rd1 Rdd8 27. Bd2 Qc6
28. Bb4 h5 29. Kg2 g6 30. f3 b5 31. cxb5 axb5 32. Bc3 b4 33. Bxb4 Rb8 34. Be1
Rdc8 35. b4 Qa4 36. Bc3 Rc7 37. Ra5 Qb3 38. Ra3 Qe6 39. Qd5 Qf6 40. Ra8 Rxa8
41. Qxa8+ Kg7 42. b5 Qe6 43. Qd5 Qc8 44. Qb3 Qb8 45. Rd5 Rb7 46. Qc4 Rc7 47.
Qd3 Rb7 48. f4 f6 49. fxe5 fxe5 50. Bb4 Rb6 51. Bd2 Kh8 52. Be3 Rb7 53. b6 Qc8
54. Ra5 Bd8 55. Qc3 Qg4 56. Qc4 d5 57. Qxd5 Qe2+ 58. Bf2 Bxb6 59. Ra8+ 1-0

[Event "27. Open Internacional de Andorra"]
[Site "Andorra"]
[Date "2009.07.25"]
[Round "8.9"]
[White "Wegerle, Joerg"]
[Black "Vernay, Clovis"]
[Result "1-0"]
[WhiteElo "2430"]
[BlackElo "2463"]
[PlyCount "59"]
[EventDate "2009.07.18"]
[EventType "swiss"]
[EventRounds "9"]
[EventCountry "AND"]
[Source "lmi"]
[SourceDate "2009.07.18"]

1. c4 e5 2. g3 Nf6 3. Bg2 d5 4. cxd5 Nxd5 5. Nc3 Nb6 6. Nf3 Nc6 7. O-O Be7 8.
Rb1 O-O 9. b4 Nxb4 10. Nxe5 Bf5 11. e4 Be6 12. d4 Nxa2 13. Nxa2 Bxa2 14. Ra1
Be6 15. d5 Bc8 16. Bb2 a5 17. Qc2 a4 18. Bd4 Bf6 19. Qc3 Re8 20. f4 Bd7 21. g4
Bb5 22. Rfb1 c6 23. g5 Be7 24. Ng4 Bf8 25. Qg3 Kh8 26. Nh6 Qc7 27. d6 Bxd6 28.
Qc3 Rg8 29. Nf5 Bf8 30. Rxb5 1-0

[Event "27. Open Internacional de Andorra"]
[Site "Andorra"]
[Date "2009.07.25"]
[Round "8.10"]
[White "Rodriguez Lopez, Rafael"]
[Black "Siebrecht, Sebastian"]
[Result "1-0"]
[WhiteElo "2304"]
[BlackElo "2458"]
[PlyCount "79"]
[EventDate "2009.07.18"]
[EventType "swiss"]
[EventRounds "9"]
[EventCountry "AND"]
[Source "lmi"]
[SourceDate "2009.07.18"]

1. Nf3 Nf6 2. c4 g6 3. b3 Bg7 4. Bb2 O-O 5. g3 d6 6. d4 Nc6 7. Bg2 e5 8. dxe5
Ng4 9. O-O Ngxe5 10. Nxe5 Nxe5 11. Nc3 a5 12. Rc1 Bd7 13. Qc2 Bc6 14. Nd5 Re8
15. e4 Nd7 16. Bxg7 Kxg7 17. Qc3+ f6 18. f4 Nc5 19. Rfe1 Bxd5 20. cxd5 b5 21.
Re3 b4 22. Qd4 Kg8 23. e5 fxe5 24. fxe5 Qe7 25. e6 Rf8 26. Rf1 Qg7 27. Qd2
Rxf1+ 28. Bxf1 Rf8 29. Bb5 Qe7 30. Qd4 Rf5 31. h3 h5 32. g4 Rf8 33. Kg2 h4 34.
Re2 g5 35. Qe3 Rf4 36. Bc4 Kg7 37. Bb5 Kg8 38. Qd2 Kh7 39. Qb2 Qf8 40. e7 1-0

[Event "27. Open Internacional de Andorra"]
[Site "Andorra"]
[Date "2009.07.25"]
[Round "8.11"]
[White "Vila Gazquez, Javier"]
[Black "Panelo, Marcelo"]
[Result "1-0"]
[WhiteElo "2457"]
[BlackElo "2425"]
[PlyCount "51"]
[EventDate "2009.07.18"]
[EventType "swiss"]
[EventRounds "9"]
[EventCountry "AND"]
[Source "lmi"]
[SourceDate "2009.07.18"]

1. e4 c5 2. Nf3 d6 3. d4 Nf6 4. Nc3 cxd4 5. Nxd4 a6 6. Qf3 Nbd7 7. Be2 g6 8. h3
Bg7 9. Be3 O-O 10. g4 Ne5 11. Qg2 Nc6 12. O-O-O Bd7 13. g5 Ne8 14. h4 Rc8 15.
h5 Nxd4 16. Bxd4 e5 17. Be3 Rxc3 18. bxc3 Qa5 19. hxg6 Qxc3 20. Rd3 Qa1+ 21.
Kd2 Qxa2 22. Qh2 fxg6 23. Qxh7+ Kf7 24. Rh6 Qa5+ 25. Rc3 b5 26. Rxg6 1-0

[Event "27. Open Internacional de Andorra"]
[Site "Andorra"]
[Date "2009.07.25"]
[Round "8.12"]
[White "Lillo Castay, Victor"]
[Black "Movsziszian, Karen"]
[Result "0-1"]
[WhiteElo "2314"]
[BlackElo "2570"]
[PlyCount "52"]
[EventDate "2009.07.18"]
[EventType "swiss"]
[EventRounds "9"]
[EventCountry "AND"]
[Source "lmi"]
[SourceDate "2009.07.18"]

1. e4 c5 2. Nf3 d6 3. d4 Nf6 4. Nc3 cxd4 5. Nxd4 a6 6. Bc4 e6 7. Bb3 Nbd7 8. f4
Qc7 9. O-O Nc5 10. Qe2 Be7 11. f5 Bd7 12. Bg5 Nxb3 13. axb3 O-O 14. Rad1 b5 15.
Kh1 b4 16. fxe6 fxe6 17. Nb1 e5 18. Nf5 Bb5 19. Qf3 Bxf1 20. Rxf1 Kh8 21. Nd2
Ng8 22. Qg3 Bxg5 23. Qxg5 g6 24. Ne3 Rxf1+ 25. Ndxf1 Rf8 26. Nd2 Nf6 0-1

[Event "27. Open Internacional de Andorra"]
[Site "Andorra"]
[Date "2009.07.25"]
[Round "8.13"]
[White "Narciso Dublan, Marc"]
[Black "Schneider, Veronika"]
[Result "1/2-1/2"]
[WhiteElo "2553"]
[BlackElo "2301"]
[PlyCount "35"]
[EventDate "2009.07.18"]
[EventType "swiss"]
[EventRounds "9"]
[EventCountry "AND"]
[Source "lmi"]
[SourceDate "2009.07.18"]

1. c4 Nf6 2. Nf3 c5 3. d4 cxd4 4. Nxd4 a6 5. Nc3 d5 6. e3 dxc4 7. Bxc4 e5 8.
Nf3 Qxd1+ 9. Kxd1 Nc6 10. Ng5 Bg4+ 11. f3 Rd8+ 12. Ke2 Bh5 13. a3 Bg6 14. Ba2
Be7 15. b4 O-O 16. Bb2 Bd3+ 17. Ke1 Nd7 18. Nge4 1/2-1/2

[Event "27. Open Internacional de Andorra"]
[Site "Andorra"]
[Date "2009.07.25"]
[Round "8.15"]
[White "Berthelot, Yannick"]
[Black "Dvirnyy, Daniyl"]
[Result "0-1"]
[WhiteElo "2295"]
[BlackElo "2440"]
[PlyCount "48"]
[EventDate "2009.07.18"]
[EventType "swiss"]
[EventRounds "9"]
[EventCountry "AND"]
[Source "lmi"]
[SourceDate "2009.07.18"]

1. e4 e6 2. d4 d5 3. Nc3 Bb4 4. e5 Ne7 5. a3 Bxc3+ 6. bxc3 c5 7. Qg4 Qc7 8.
Qxg7 Rg8 9. Qxh7 cxd4 10. Ne2 Nbc6 11. f4 Bd7 12. Qd3 dxc3 13. Qxc3 Nf5 14. Rb1
d4 15. Qd3 O-O-O 16. Rg1 Na5 17. Rb4 a6 18. g4 Ne3 19. Bxe3 Bb5 20. Rxb5 dxe3
21. Qxe3 Nc4 22. Qa7 axb5 23. Rg3 Rd1+ 24. Kf2 Rd2 0-1

[Event "27. Open Internacional de Andorra"]
[Site "Andorra"]
[Date "2009.07.25"]
[Round "8.16"]
[White "Zilberman, Yaacov"]
[Black "Kulkarni, Chinmay"]
[Result "1-0"]
[WhiteElo "2439"]
[BlackElo "2259"]
[PlyCount "69"]
[EventDate "2009.07.18"]
[EventType "swiss"]
[EventRounds "9"]
[EventCountry "AND"]
[Source "lmi"]
[SourceDate "2009.07.18"]

1. d4 Nf6 2. Nf3 g6 3. c4 Bg7 4. Nc3 d5 5. Qa4+ Bd7 6. Qb3 dxc4 7. Qxc4 O-O 8.
Bf4 Na6 9. Rd1 c5 10. d5 Qa5 11. e4 b5 12. Qe2 c4 13. e5 Nh5 14. Be3 Bg4 15.
Bd4 Nb4 16. Qd2 Rad8 17. a4 a6 18. axb5 axb5 19. Be2 Nxd5 20. Qg5 Be6 21. g3 f6
22. Qh4 fxe5 23. Nxe5 Qa8 24. Qe4 Nhf6 25. Qg2 Nxc3 26. Qxa8 Rxa8 27. bxc3 Bd5
28. O-O Ra2 29. Rfe1 Ne4 30. f4 e6 31. Bg4 Rfa8 32. Rxe4 Bxe4 33. Bxe6+ Kh8 34.
Nf7+ Kg8 35. Ng5+ 1-0